Central Library OPAC University of Rajshahi

Pharmacology / (Record no. 67814)

MARC details
000 -LEADER
fixed length control field 00960nam a2200301 a 4500
001 - CONTROL NUMBER
control field 67814
003 - CONTROL NUMBER IDENTIFIER
rucl marc code BD-RjUL
005 - DATE AND TIME OF LATEST TRANSACTION
control field 20211209081709.0
008 - FIXED-LENGTH DATA ELEMENTS--GENERAL INFORMATION
fixed length control field 170329r20001999stka b 001 0 eng d
020 ## - INTERNATIONAL STANDARD BOOK NUMBER
International Standard Book Number 0443059748 (pbk: standard ed.)
International Standard Book Number 0443059942 (international ed.)
035 ## - SYSTEM CONTROL NUMBER
System control number (BD-RjUL)68023
040 ## - CATALOGING SOURCE
Original cataloging agency UkOxU
Language of cataloging eng
Transcribing agency UkOxU
Modifying agency BD-RjUL
041 ## - LANGUAGE CODE
Language code of text/sound track or separate title eng
082 ## - DEWEY DECIMAL CLASSIFICATION NUMBER
Edition number 23
Classification number 615.1
Author mark and year RAP 2000
100 1# - MAIN ENTRY--PERSONAL NAME
Personal name Rang, H. P.
9 (RLIN) 201035
245 10 - TITLE STATEMENT
Title Pharmacology /
Statement of responsibility, etc. H.P. Rang, M.M. Dale and J.M. Ritter.
250 ## - EDITION STATEMENT
Edition statement 4th ed.
260 ## - PUBLICATION, DISTRIBUTION, ETC. (IMPRINT)
Place of publication, distribution, etc. Edinburgh :
Name of publisher, distributor, etc. Churchill Livingstone,
Date of publication, distribution, etc. 1999 [reprinted 2000].
300 ## - PHYSICAL DESCRIPTION
Pagination x, 830 p. :
Illustrations ill. ;
Size 25 cm.
500 ## - GENERAL NOTE
General note Previous ed.: 1995.
504 ## - BIBLIOGRAPHY, ETC. NOTE
Bibliography, etc Includes bibliographical references and index.
650 #0 - SUBJECT ADDED ENTRY--TOPICAL TERM
Topical term or geographic name as entry element Pharmacology.
9 (RLIN) 201036
Topical term or geographic name as entry element Drug Therapy.
9 (RLIN) 201037
700 1# - ADDED ENTRY--PERSONAL NAME
Personal name Dale, M. Maureen.
Fuller form of name Joint authors
Personal name Ritter, James.
Fuller form of name Joint authors.
942 ## - ADDED ENTRY ELEMENTS (KOHA)
Source of classification or shelving scheme Dewey Decimal Classification
Koha item type Books
Holdings
Lost status Source of classification or shelving scheme Damaged status Not for loan Collection code Permanent Location Current Location Shelving location Date acquired Source of acquisition Cost, normal purchase price Total Checkouts Full call number Date last seen Copy number Koha item type
  Dewey Decimal Classification   Not For Loan Non-fiction Central Library, University of Rajshahi Central Library, University of Rajshahi Reading Room 01/01/2006 Dhaka, Paragon Enterprises Ltd. 55.01   615.1 RAP 2000 29/03/2017 C-1 Books